Multiple Choice City Quiz – Nice - Statistics

General Stats
  • This quiz has been taken 31 times
  • The average score is 6 of 10
Answer Stats
Question Answer % Correct
What is the closest country to Nice? (Not including France) Monaco
96%
What is a popular local snack from Nice? Socca
85%
What language is historically spoken in Nice besides French? Nissart
74%
What is the famous seaside walkway in Nice called? Promenade des Anglais
74%
What river flows through Nice? Var
67%
What is the theme for the 2025 Nice Carnaval? King of the Oceans
52%
What is the name of the large hill offering panoramic views of Nice? Colline du Château
44%
Which famous French leader helped annex Nice to France? Napoleon III
30%
What day of the week is the Cours Saleya Market in Nice on? Sunday
22%
What ancient civilization founded Nice? Greeks
19%
No matching quizzes found
Score Distribution
Percent of People with Each Score
Percentile by Number Answered
Your Score History
You have not taken this quiz